Quizzes
Events
Quiz Creation
Community
Videos
Private Events
Remove Ads
Sign In
Join for FREE
Feedback
Dark Mode
Quiz Categories
Sports
Geography
Music
Movies
Television
Just For Fun
Miscellaneous
History
Literature
Language
Science
Gaming
Entertainment
Religion
Holiday
For Kids
Quiz Lab
Recent
Popular Today
Quiz Kudos Today
Editor Picks
Curator Picks
Quizzes by...
Day
Popularity
Type
Ratings
Length
Year
Community
Subscriptions
Recent Discussions
Orange Saloon
Badges
Playlists
Quests
Create
Leaderboards
Showdown
Live 5
Trivia Bingo
Activity
Puzzle Library
Sporcle Events
Private Events
Virtual Trivia
Globe League
Become a Host
Pub Owners
SporcleCon
Opinionation
Our Games
Videos
Blog
Mobile Apps
Partnerships
Remove Ads and Go Orange
Feedback
Science
Computer
Plants
Astronomy
Chemistry
Elements
Math
Animal
Physics
Anatomy
Biology
Geology
General Science
Science
Computer
Plants
Astronomy
Chemistry
Elements
Math
Animal
Physics
Anatomy
Biology
Geology
General Science
Random Quiz
Search Sporcle
×
Quiz Lab
Quiz Lab
Science
Anatomy
Type in answers that appear in a list
Type in answers that appear in a list
Classic
Best Score? Go Orange.
Male Anatomy 1 Stats
Can you name the Male Anatomy 1?
By
kazlowja
15m
19 Questions
199 Plays
199 Plays
199 Plays
Comments
Comments
Give Quiz Kudos
Give Quiz Kudos
-
- Ratings
hide this ad
More Info
Forced Order
Answers have to be entered in order
Answers have to be entered in order
Replay
Link that replays current quiz
Next Quiz
Link to next quiz in quiz playlist
You Got
0%
They Got
Avg Score
40%
Avg Friend Score
Upgrade to see
Score Distribution
Jump to the score distribution portion of the page
Score
0/19
Timer
15:00
0
Plays Today
Label Number
Part
% Correct
down
Vas deferens
76.4%
Top Left
Urinary bladder
71.4%
down
Prostate gland
56.8%
Last one!
Anus
53.3%
down
Pubic bone
47.2%
Bottom below
Scrotum
46.7%
down
Rectum
45.2%
down
Urethra
41.2%
down
Penis
40.7%
Top below
Epididymis
38.7%
Label Number
Part
% Correct
Middle below
Testis
38.2%
down
Glans
36.7%
Top right
Seminal vesicle
32.7%
down
Corpus cavernosum
31.2%
down
Bulbourethral gland
27.6%
down
Ejaculatory duct
26.1%
down
Corpus spongiosum
25.1%
down
Prepuce
21.1%
down
Pelvic floor muscle
16.6%
Quiz Playlist
Details
Report
Send in Message
Add To Playlist
More Info:
Go from top left to box underneath (top to bottom) then go down the right side (top to bottom)
Classic:
Type in answers that appear in a list
Forced Order:
Answers have to be entered in order
Last Updated: Feb 16, 2017
Quiz Scoreboard
CHALLENGE
Sign Up to Join the Scoreboard
Show All
Scores
Hide
Comments
May contain spoilers
Recently Published
College Basketball Coaching Resumes
by pancakes188
Sports
9m
Billboard Blitz: Fleetwood Mac
by CooCooCachoo
Music
15s
Presidents Visiting Landmarks
by Hejman
History
7m
More to Explore
Quiz From the Vault
Featured Blog Post
Where Did the Easter Bunny Come From?
hide this ad
You Might Also Like...
Tags
Anatomy Quiz
Label
male
Today's Top Quizzes in Science
Browse Science
hide this ad
Today's Top Quizzes in Anatomy
Browse Anatomy
Top Contributed Quizzes in Science
1
Quick Pick: Radians
2
Quick Pick: 'CI-CJ' Animals
3
The First 100 Digits of Pi
4
Elements In Images
5
One Thing in Common: Science
6
Name the Acid, Base or Salt
7
Science Jokes
8
One Thing in Common: Science III
9
One Thing in Common: Science II
10
One Thing in Common: Animals
Explore More
Trending Topics
Anime
Crossword
Kpop
Disney
NBA
Harry Potter
Marvel
The Office
Soccer
WWE
Pokémon
NFL
Song
Puzzle
Country
hide this ad
More By:
kazlowja
Quiz
Plays
Rating
Category
Featured
Created
Female Anatomy 1
380
3.00
Science
Sep 21, 2011
Male Anatomy 1
199
4.00
Science
Sep 21, 2011
Male Anatomy 2
63
Science
Sep 21, 2011
Female Anatomy 2
42
Science
Sep 21, 2011
Go to Creator's Profile
Score Distribution
Quiz Creator Spotlight
kazlowja
Follow
Send a Message
Quizzes Created
-
Created Quiz Play Count
-
More By This Creator
Popular Quizzes Today
1
Find the US States - No Outlines Minefield
2
Find the Countries of Europe - No Outlines Minefield
3
The Countries of the World
4
Find the US States
5
Risky Map Clicking: Biggest States A-Z
6
US States
7
Popular People in 1961
8
Movies - When Are They Set?
More Science Quizzes
Mobile Phone Firsts
Editor's Pick
Trending Quizzes
Risky Map Clicking: Least Populous States A-Z
1-10 Letter G Words
1-10 Letter F Words
Risky Map Clicking: Next State Alphabetically
Click the Washington State Counties! (Map)
Recently Updated
Leaping Animals
pecheneg
Reality TV Shows (A-Z)
bhenderson79
Rickey Henderson's Hall of Fame Teammates
pecheneg
Champions League XIs: Arsenal
pecheneg
Quick Pick: Celebrities in WWE's Hall of Fame
aduchscher
A-Z Keypad Blitz II
pecheneg
Multiple Oscar Actors
pecheneg
Mystery Phrase Blitz: Oscar 'Best Actors'
pecheneg
F. Scott Fitzgerald Novels
LTH
Pick 3 Villains
ddd62291
Trending Topics
Disney
Crossword
Anime
Marvel
NBA
Kpop
Harry Potter
NFL
Puzzle
Country
Song
WWE
Pokémon
Soccer
The Office
Your Account Isn't Verified!
In order to create a playlist on Sporcle, you need to verify the email address you used during registration. Go to your
Sporcle Settings
to finish the process.
Report this User
Report this user for behavior that violates our
Community Guidelines
.
Details:
Send Report
Go to the Sporcle.com Mobile Site →
Comments